Maternidad Adolescente en Medios Subprivilegiados: De la Práctica a la Sistematización /
Texto donde las autoras recuperan su experiencia de 15 años de práctica del trabajo social, en especial en lo relativo al fenómeno de las madres solteras. Parten de una descripción del entorno social que da origen al hecho y terminan propuesta de política social al respecto, que implica transformaci...
Gorde:
| Egile nagusia: | |
|---|---|
| Beste egile batzuk: | , |
| Formatua: | Liburua |
| Hizkuntza: | gaztelania |
| Argitaratua: |
Buenos Aires, Argentina :
Humanitas,
1988
|
| Saila: | (Desarrollo Social)
|
| Gaiak: | |
| Etiketak: |
Etiketarik gabe, Izan zaitez lehena erregistro honi etiketa jartzen!
|
MARC
| LEADER | 00000nam^a2200000^a^4500 | ||
|---|---|---|---|
| 001 | 000026958 | ||
| 005 | 20250521000000.0 | ||
| 009 | 20260310084752.572 | ||
| 020 | |a 950-582-238-4 | ||
| 037 | |a Acervo ITESO - Biblioteca | ||
| 041 | |a ESP | ||
| 082 | |a 306. 7 |b CAS | ||
| 100 | |a Castillo, Marta del |e (autor) | ||
| 245 | 1 | 0 | |a Maternidad Adolescente en Medios Subprivilegiados: De la Práctica a la Sistematización / |c M. del Castillo; et. al. |
| 264 | 1 | |a Buenos Aires, Argentina : |b Humanitas, |c 1988 | |
| 300 | |a 101 p. | ||
| 336 | |a texto |b txt |2 rdacontenido | ||
| 337 | |a sin mediación |b n |2 rdamedio | ||
| 338 | |a volumen |b nc |2 rdasoporte | ||
| 440 | 1 | |a (Desarrollo Social) | |
| 520 | |a Texto donde las autoras recuperan su experiencia de 15 años de práctica del trabajo social, en especial en lo relativo al fenómeno de las madres solteras. Parten de una descripción del entorno social que da origen al hecho y terminan propuesta de política social al respecto, que implica transformaciones para que la maternidad en estas circunstancias sea asumida personal y socialmente como expresión de la libertad del ser. | ||
| 649 | |a XX | ||
| 650 | |a Sociología | ||
| 650 | |a Madres Solteras - |x Condiciones Sociales y Culturales | ||
| 650 | |a Mujeres - |x Condiciones Sociales y Culturales | ||
| 700 | |a Dwek, Linda |e (autor) | ||
| 700 | |a Levy, Elvira |e (autor) | ||
| 910 | |a Fondo General | ||
| 920 | |a Impresos - Libros | ||
| 930 | |a Colección General | ||
| 905 | |a 101 | ||
| 901 | |a 0269580100 |b IT1 |c ACC |u 20250521 | ||
| 902 | |a https://opac.biblio.iteso.mx/vufind/Record/000026958 | ||